[Event "Ruhrgebiet Verbandsliga2 1213"]
[Site "Nordrheinwestfalen"]
[Date "2013.04.28"]
[Round "9"]
[White "Flicke, Andreas"]
[Black "Wiktor, Reinhard"]
[Result "1/2-1/2"]
[WhiteElo "1842"]
[BlackElo "1783"]
[PlyCount "38"]
[EventDate "2012.09.02"]
[EventType "team-tourn"]
[EventRounds "9"]
[EventCountry "GER"]
[SourceTitle "EXT 2020"]
[Source "ChessBase"]
[SourceDate "2019.10.17"]
[SourceVersion "1"]
[SourceVersionDate "2019.10.17"]
[SourceQuality "1"]
[WhiteTeam "Bochum SG III"]
[BlackTeam "Mengede SG"]
[WhiteTeamCountry "GER"]
[BlackTeamCountry "GER"]

1. c4 Nf6 2. g3 c6 3. Nc3 g6 4. e4 d6 5. d4 Bg7 6. Nf3 Qa5 7. Bd2 Qh5 8. Be2 Qh3 9. Ng5 Qd7 10. f4 h6 11. Nf3 Na6 12. Rc1 Qd8 13. Bf1 Bg4 14. Bg2 Bxf3 15. Bxf3 Qb6 16. Qb3 Qxb3 17. axb3 Nb4 18. Ke2 Nd7 19. Be3 a5 1/2-1/2